000 00747nam0a22002411 4500
001 rc\2725709
005 20250806211201.0
035 _a(NLR Aleph) 006853189
090 _a39715
_c39715
100 _a20110915d1943 u y0rusy50 ca
101 0 _arus
102 _aRU
105 _ay z |||||
200 1 _aАгротехника высоких урожаев яровой пшеницы
210 _aМосква
_cСельхозгиз
_d1943
215 _a72 с., без обл.
_d14 см.
700 1 _aЛадыгин
_bИ.Я.
_gИван Яковлевич
801 0 _aRU
_bNLR
_gpsbo
801 1 _aRU
_bELAR
_2rusmarc
942 _cBOOK
945 _aРоссийская национальная библиотека
980 _aNB
980 _aBV